Normal view MARC view
  • Differential Equation

Entry Topical Term

Number of records used in: 2

001 - CONTROL NUMBER

  • control field: 103255

003 - CONTROL NUMBER IDENTIFIER

  • control field: NUST

005 - DATE AND TIME OF LATEST TRANSACTION

  • control field: 20221121114139.0

008 - FIXED-LENGTH DATA ELEMENTS

  • fixed length control field: 221121|| aca||aabn | a|a d

040 ## - CATALOGING SOURCE

  • Original cataloging agency: NUST
  • Transcribing agency: NUST

150 ## - HEADING--TOPICAL TERM

  • Topical term or geographic name entry element: Differential Equation

670 ## - SOURCE DATA FOUND

  • Source citation: Work cat.: (NUST)181857: Ian Sneddon 103254, Elements of Partial Differential Equation / , 1957
© 2023 Central Library, National University of Sciences and Technology. All Rights Reserved.